| 000 | 00000nam##2200000za#4500 |
| 001 | 9.691291 |
| 003 | CaOODSP |
| 005 | 20210624232714 |
| 007 | cr ||||||||||| |
| 008 | 150407|2008||||xxc|||||o f|0| 0 eng|d |
| 040 | |aCaOODSP|beng |
| 043 | |an-cn--- |
| 086 | 1 |aF2-186/2008E-PDF |
| 110 | 1 |aCanada. |bDepartment of Finance. |
| 245 | 10|aTreasury risk management framework for the government of Canada |h[electronic resource] |
| 260 | |aOttawa - Ontario : |bFinance Canada |cUpdated January 2008. |
| 300 | |a41p.|bfigs., tables |
| 590 | |a08-30|b2008-07-25 |
| 690 | 07|aFiscal policy|2gcpds |
| 690 | 07|aRisk management|2gcpds |
| 775 | 08|tCadre de gestion du risque de trésorerie du gouvernement du Canada |w(CaOODSP)9.635623 |
| 856 | 40|ahttp://publications.gc.ca|qPDF|s290 Kb|uhttps://publications.gc.ca/collections/collection_2008/fin/F2-186-2008E.pdf |